Introduction To Engineering Mathematics Vol-2 (Record no. 354749)

MARC details
000 -LEADER
fixed length control field 00452nam a2200181Ia 4500
008 - FIXED-LENGTH DATA ELEMENTS--GENERAL INFORMATION
fixed length control field 230719s9999 xx 000 0 und d
020 ## - INTERNATIONAL STANDARD BOOK NUMBER
International Standard Book Number 978-81-219-3697-2
041 ## - LANGUAGE CODE
Language code of text/sound track or separate title eng
082 ## - DEWEY DECIMAL CLASSIFICATION NUMBER
Classification number 510
Item number DAS
100 ## - MAIN ENTRY--PERSONAL NAME
Personal name Dass H.K.
245 ## - TITLE STATEMENT
Title Introduction To Engineering Mathematics Vol-2
250 ## - EDITION STATEMENT
Edition statement 8th ed.
260 ## - PUBLICATION, DISTRIBUTION, ETC. (IMPRINT)
Date of publication, distribution, etc. 2016
Name of publisher, distributor, etc. S. Chand and Company
300 ## - PHYSICAL DESCRIPTION
Extent 628
365 ## - TRADE PRICE
Currency code Rs.
Price amount 275.00
700 ## - ADDED ENTRY--PERSONAL NAME
Personal name Dass H.K. & Verma R.
906 ## - LOCAL DATA ELEMENT F, LDF (RLIN)
b 137.01
Holdings
Withdrawn status Lost status Damaged status Not for loan Home library Current library Shelving location Date acquired Vendor Cost, normal purchase price Total Checkouts Full call number Barcode Date last seen Date last checked out Discount Cost, replacement price Bill Date Koha item type Original Barcode
        Cummins College of Engineering for Women Pune Cummins College of Engineering for Women Pune Donated Book 11/02/2022 Masurkar Enterprises 275.00 2 510 CCEP-DB-954 25/01/2025 10/01/2025 137.01 137.99 19/07/2023 Books D00954